000 00543nam a2200169 4500
001 140119
003 ES-MaACL
005 20230906200018.0
007 t|
008 070214s1964 sp r ||||1| spa d
100 1 _aSchuette, Johann.
_9104746
245 1 3 _aLa legión de María en la prensa de la China comunista /
_cJohann Schuette ; versión de Pedro Recuenco.
260 _aEstella (Navarra) :
_bVerbo Divino,
_c1964.
300 _a76 p. :
_bil. ;
_c19 cm.
700 1 _aRecuenco, Pedro.
_995783
852 _aES-MaACL
_jC-30421
_bR.57050
999 _c140119
_d140119